Quiz wiedzy o uniwersum Wiedźmina #1 - Postacie - Statystyki

Ogólne statystyki
  • Ten quiz został rozwiązany 4 112 razy
  • Średni wynik to 16 z 28
Statystyki odpowiedzi
Hint Odpowiedź % Poprawnych
Wiedźmin, główny bohater powieści. Geralt z Rivii
100%
Imię każdej klaczy wiedźmina Płotka
95%
Dziecko niespodzianka, przeznaczone Wiedźminowi Ciri
94%
Trubadur, przyjaciel głównego bohatera Jaskier
93%
Ukochana wiedźmina, czarodziejka Yennefer
90%
Cesarz Nilfgaardu Emhyr van Emreis
83%
Czarodziejka, uznana za poległą w bitwie pod Wzgórzem Sodden, ma kasztanowe włosy Triss Merigold
76%
Najstarszy żyjący wiedźmin, mentor w Kaer Morhen Vesemir
76%
Krasnolud, towarzysz Wiedźmina, podarował mu swój Sihill. Zoltan Chivay
75%
Wampir, towarzysz Wiedźmina Emiel Regis
71%
Czarodziejka, potrafiąca zamieniać się w sowę. Filippa Eilhart
60%
Imię wyżej wymienionego używane przez driady i elfy Gwynbleidd
57%
Negatywne określenie w.w, nawiązujące do miasta, w którym wiedźmin dokonał wyboru "mniejszego zła" Rzeźnik z Blaviken
57%
Nieludzkie komanda buntowników, atakujące ludzi Scoia'tael
55%
Potężny czarodziej, jeden z głównych antagonistów, pokonał Wiedźmina kijem Vilgefortz
54%
Szpieg Redanii, Wiedźmin złamał mu nogę na wyspie Thanned Dijkstra
53%
Babka w.w, królowa Cintry Calanthe
51%
Prawdziwe imię wyżej wymienionego Julian
42%
Rycerz Nilfgaardu, mający za zadanie pojmać Dziecko Niespodziankę Cahir
41%
Krasnolud, w dzieciństwie chciał być elfem Yarpen Zigrin
40%
Łuczniczka w kompanii Wiedźmina Milva
38%
Kapłanka w świątyni Melitele, przybrana matka Wiedźmina Nenneke
35%
Łowca nagród, najemnik, dostał zlecenie zabicia Dziecka Niespodzianki Bonhart
29%
Rodzice wyżej wymienionej Pavetta i Duny
24%
Człowiek od mokrej roboty na usługach Vilgefortza, prawie czarodziej Rience
20%
Bandytka, dołączająca do kompanii Wiedźmina Angouleme
15%
Kapłanka bogini Melitele, złożyła śluby milczenia, leczyła Wiedźmina przeróżnymi sposobami... Iola
15%
Samotnik, żyjący na bagnach. Uratował Dziecko Niespodziankę i wysłuchał jej historii Vysogota z Corvo
14%
Nie znaleziono quizów pasujących do podanych kryteriów
Rozkład punktacji
Procent ludzi z każdym wynikiem
Percentyl według liczby udzielonych odpowiedzi
Twoja historia wyników
Nie rozwiązałeś tego quizu